Marine Biology General Trivia #1 - Statistics

General Stats
  • This quiz has been taken 245 times
    241 since last reset
  • The average score is 8 of 30
Answer Stats
Hint Answer % Correct
What coral reef is so large that it can be seen from space? Great Barrier Reef.
78%
How many gills do most sharks have? 5
69%
Which evolved first: stingrays or groupers? Stingrays.
69%
Are eels fish or reptiles? Fish.
66%
Is the above warm blooded or cold blooded? Warm Blooded
64%
This is the heaviest animal alive today. Blue Whale.
63%
This powerful mackerel shark is most famous for appearing in Jaws. Great White Shark
56%
Sharks and rays’ skeletons are most made of this, rather than bone. Cartilage
49%
The above biome has this sea urchin-eating mammal as a keystone species. Sea Otter.
38%
What phyla do jellyfish and anemones belong to? Cnidaria
32%
This global warming induced process harms coral by killing zooxanthellae. Coral Bleaching
31%
What is the scientific name for the Ocean Sunfish? Mola Mola
31%
This term refers to a coral reef surrounding a lagoon. Atoll.
23%
Monterrey Bay holds the largest of these. Kelp Forest.
21%
What do nautiluses have that most cephalopods lack? Shells.
21%
What is the main food source in the deep ocean? Marine snow.
17%
Which fish has the highest proportion of brain mass to body mass. Manta Ray
14%
Mussels and barnacles inhabit this coastal biome marked by fluctuating sea levels. Intertidal Zone
12%
What do crabeater seals eat? Krill.
11%
About how heavy can a leatherback sea turtle get? 2000 lbs.
10%
About how many Mediterranean monk seals are left, as of 2023? Less than 700
8%
This endangered species is also called the Napoleonfish. Humphead Wrasse.
7%
Give the common name of Architeuthis dux. Giant Squid
6%
Who wrote Jaws? Peter Benchley
6%
Hydrothermal vents are often filled with these 6 ft worms. Giant Tube Worms.
5%
All catfish belong to this order. Siluriformes
5%
What does the constellation Volans represent? Flying fish
4%
This royal fish, described in 1787 off the coast of Japan, mostly eats sponges. Emperor Angelfish
3%
This British naval officer discovered Antarctica. Sir James Ross
3%
This tiny vertebrate, which lives in the above, is the smallest vertebrate in terms of mass. Stout Infantfish
2%
No matching quizzes found
Score Distribution
Percent of People with Each Score
Percentile by Number Answered
Your Score History
You have not taken this quiz since the last reset